Top 100 music artists on June 16, 2018 (according to Billboard) - Statistics

General Stats
  • This quiz has been taken 1,097 times
  • The average score is 19 of 100
Answer Stats
Rankings Answer % Correct
3 Drake
75%
14 Taylor Swift
74%
100 Justin Bieber
71%
17 Ariana Grande
70%
11 Ed Sheeran
64%
71 Rihanna
64%
6 Cardi B
54%
38 Nicki Minaj
53%
20 Bruno Mars
52%
1 Kanye West
51%
54 Eminem
50%
35 Selena Gomez
48%
2 Post Malone
46%
97 Adele
43%
9 Maroon 5
42%
10 Shawn Mendes
41%
26 The Weeknd
41%
15 Camila Cabello
40%
19 Kendrick Lamar
36%
16 Dua Lipa
34%
92 Travis Scott
33%
62 Justin Timberlake
31%
42 XXXTENTACION
30%
49 Demi Lovato
29%
87 Sam Smith
29%
39 Halsey
28%
22 Migos
28%
85 The Chainsmokers
28%
8 Imagine Dragons
27%
31 Khalid
27%
95 Calvin Harris
26%
43 P!nk
26%
4 BTS
24%
24 Charlie Puth
24%
74 Michael Jackson
24%
27 Juice WRLD
23%
36 Marshmello
23%
75 Lil Pump
19%
86 Queen
18%
56 Bad Bunny
17%
59 Bebe Rexha
15%
73 Panic! At The Disco
15%
79 twenty one pilots
15%
68 Anne-Marie
14%
34 J Balvin
14%
41 Lil Baby
14%
76 Zedd
14%
21 Childish Gambino
13%
30 J. Cole
13%
51 SZA
13%
66 6ix9ine
12%
80 Daddy Yankee
11%
83 G-Eazy
11%
13 Florida Georgia Line
10%
47 Blake Shelton
9%
93 Carrie Underwood
8%
58 Lauv
8%
40 Bazzi
7%
72 NF
7%
33 Ella Mai
6%
44 Luke Bryan
6%
61 Maren Morris
6%
25 Metallica
6%
82 Lil Skies
5%
98 Linkin Park
5%
5 Luke Combs
5%
84 Ozuna
5%
70 Portugal. The Man
5%
29 Dan + Shay
4%
69 EXO
4%
12 Jason Aldean
4%
18 Kane Brown
4%
57 Keith Urban
4%
55 Rich The Kid
4%
45 Thomas Rhett
4%
96 A$AP Rocky
3%
64 BlocBoy JB
3%
46 Brett Young
3%
32 Chris Stapleton
3%
91 Fleetwood Mac
3%
88 Gorillaz
3%
89 Grey
3%
23 Kenny Chesney
3%
28 Pusha T
3%
60 Sam Hunt
3%
63 Weezer
3%
78 Dierks Bentley
2%
67 Foster The People
2%
99 Journey
2%
52 Ty Dolla $ign
2%
53 YoungBoy Never Broke Again
2%
81 Bad Wolves
1%
94 Black Thought
1%
77 Darius Rucker
1%
37 Father John Misty
1%
48 Five Finger Death Punch
1%
7 Ghost
1%
90 MercyMe
1%
65 Michael Ray
1%
50 Neko Case
1%
No matching quizzes found
Score Distribution
Percent of People with Each Score
Percentile by Number Answered
Your Score History
You have not taken this quiz